<?xml version="1.0" encoding="UTF-8"?>
<collection xmlns="http://www.loc.gov/MARC21/slim">
 <record>
  <leader>00510pamaa2200169   4500</leader>
  <controlfield tag="001">0000029828</controlfield>
  <controlfield tag="005">20060627090000.0</controlfield>
  <datafield tag="020" ind1="0" ind2="0">
   <subfield code="a">1884777449 </subfield>
  </datafield>
  <datafield tag="082" ind1=" " ind2=" ">
   <subfield code="a">784.1902 MES</subfield>
  </datafield>
  <datafield tag="090" ind1="0" ind2="0">
   <subfield code="a">MT723 </subfield>
   <subfield code="b">MES 1998</subfield>
  </datafield>
  <datafield tag="100" ind1="1" ind2="0">
   <subfield code="a">MESSICK </subfield>
  </datafield>
  <datafield tag="245" ind1="1" ind2="0">
   <subfield code="a">Maximum MIDI : </subfield>
   <subfield code="b">music applications in C++  </subfield>
   <subfield code="c">Paul Messick.</subfield>
  </datafield>
  <datafield tag="260" ind1="0" ind2="0">
   <subfield code="a">Greenwich: </subfield>
   <subfield code="b">Manning, </subfield>
   <subfield code="c">1998.</subfield>
  </datafield>
  <datafield tag="300" ind1=" " ind2=" ">
   <subfield code="a">xix, 460p.; </subfield>
   <subfield code="c">24cm.</subfield>
  </datafield>
  <datafield tag="500" ind1="0" ind2="0">
   <subfield code="a">Includes 1 CD-ROM titled &quot;Maximum MIDI: music applications in C++&quot;</subfield>
  </datafield>
  <datafield tag="650" ind1="0" ind2="0">
   <subfield code="a">Computer sound processing </subfield>
  </datafield>
  <datafield tag="650" ind1="0" ind2="0">
   <subfield code="a">MIDI (Standard) </subfield>
  </datafield>
 </record>
</collection>
